000 00258nam a22001097a 4500
008 170120b xxu||||| |||| 00| 0 eng d
020 _a9780803605251
041 _aeng
080 _27TH
_a618.2
245 _aNURSE'S POCKET GUIDE
_cDOENGES, M.E
942 _2udc
_cBK
999 _c3249
_d3249